<?xml version="1.0" encoding="UTF-8"?><?xml-stylesheet type="text/xsl" href="static/style.xsl"?><OAI-PMH xmlns="http://www.openarchives.org/OAI/2.0/" xmlns:xsi="http://www.w3.org/2001/XMLSchema-instance" xsi:schemaLocation="http://www.openarchives.org/OAI/2.0/ http://www.openarchives.org/OAI/2.0/OAI-PMH.xsd"><responseDate>2026-04-27T12:29:25Z</responseDate><request verb="GetRecord" identifier="oai:uvadoc.uva.es:10324/81973" metadataPrefix="marc">https://uvadoc.uva.es/oai/request</request><GetRecord><record><header><identifier>oai:uvadoc.uva.es:10324/81973</identifier><datestamp>2026-01-29T11:46:21Z</datestamp><setSpec>com_10324_1142</setSpec><setSpec>com_10324_931</setSpec><setSpec>com_10324_894</setSpec><setSpec>col_10324_1258</setSpec></header><metadata><record xmlns="http://www.loc.gov/MARC21/slim" xmlns:doc="http://www.lyncode.com/xoai" xmlns:xsi="http://www.w3.org/2001/XMLSchema-instance" xmlns:dcterms="http://purl.org/dc/terms/" xsi:schemaLocation="http://www.loc.gov/MARC21/slim http://www.loc.gov/standards/marcxml/schema/MARC21slim.xsd">
<leader>00925njm 22002777a 4500</leader>
<datafield tag="042" ind1=" " ind2=" ">
<subfield code="a">dc</subfield>
</datafield>
<datafield tag="720" ind1=" " ind2=" ">
<subfield code="a">Redondo Castán, Juan Carlos</subfield>
<subfield code="e">author</subfield>
</datafield>
<datafield tag="720" ind1=" " ind2=" ">
<subfield code="a">Izquierdo Velasco, José María</subfield>
<subfield code="e">author</subfield>
</datafield>
<datafield tag="720" ind1=" " ind2=" ">
<subfield code="a">Ramírez Jiménez, Miguel</subfield>
<subfield code="e">author</subfield>
</datafield>
<datafield tag="720" ind1=" " ind2=" ">
<subfield code="a">Sedano Campo, Silvia</subfield>
<subfield code="e">author</subfield>
</datafield>
<datafield tag="260" ind1=" " ind2=" ">
<subfield code="c">2026</subfield>
</datafield>
<datafield tag="520" ind1=" " ind2=" ">
<subfield code="a">Introduction: The use of electric mountain bikes has increased interest in their contribution to physical activity and health, although evidence under real-world conditions remains limited.Objective: This study explored whether the transition from a conventional mountain bike to an electric mountain bike allowed the maintenance of health-related exercise intensities in a rec-reational cyclist under different assistance modes.Methodology: A longitudinal single-participant study was conducted over sixteen weeks. Four conditions were compared: a conventional mountain bike and an electric mountain bike with three assistance configurations. Heart rate, speed, power output, cadence, slope, perceived ex-ertion,  and  training  load  indices  were  recorded  during  twenty-eight  outdoor  rides  covering seven hundred and seventy-eight kilometres.Results:  Physiological  differences  were  observed  across  conditions.  In  this  participant,  lower assistance and constrained modes were associated with moderate-to-vigorous intensities and reduced momentary physiological load compared with conventional cycling. On steeper slopes, some assisted modes reached relative intensities close to functional threshold power.Discussion: These patterns were consistent with previous studies describing meaningful phys-iological responses when assistance was regulated andhighlighted the influence of terrain and assistance selection.Conclusions: This exploratory study suggests that electric mountain biking may allow some us-ers to sustain health-relevant exercise intensities under specific conditions.</subfield>
</datafield>
<datafield tag="024" ind2=" " ind1="8">
<subfield code="a">Redondo Castán, J. C., Izquierdo Velasco, J. M., Ramírez Jiménez, M., &amp; Sedano Campo, S. (2026). ¿Pueden las bicicletas de montaña eléctricas mantenerte igual de activo y saludable que las bicicletas de montaña tradicionales?. Retos, 76, 563-575. https://doi.org/10.47197/retos.v76.117884</subfield>
</datafield>
<datafield tag="024" ind2=" " ind1="8">
<subfield code="a">1579-1726</subfield>
</datafield>
<datafield tag="024" ind2=" " ind1="8">
<subfield code="a">https://uvadoc.uva.es/handle/10324/81973</subfield>
</datafield>
<datafield tag="024" ind2=" " ind1="8">
<subfield code="a">10.47197/retos.v76.117884</subfield>
</datafield>
<datafield tag="024" ind2=" " ind1="8">
<subfield code="a">563</subfield>
</datafield>
<datafield tag="024" ind2=" " ind1="8">
<subfield code="a">575</subfield>
</datafield>
<datafield tag="024" ind2=" " ind1="8">
<subfield code="a">Retos</subfield>
</datafield>
<datafield tag="024" ind2=" " ind1="8">
<subfield code="a">76</subfield>
</datafield>
<datafield tag="024" ind2=" " ind1="8">
<subfield code="a">1988-2041</subfield>
</datafield>
<datafield tag="245" ind1="0" ind2="0">
<subfield code="a">Can electric mountain bikes keep you just as active and healthy as traditional mountain bikes?</subfield>
</datafield>
</record></metadata></record></GetRecord></OAI-PMH>